[Event "CAN-ch U08"]
[Site "Vancouver"]
[Date "2012.07.04"]
[Round "3"]
[White "Zhang, Arthur"]
[Black "Jin, Eric"]
[Result "0-1"]
[WhiteElo "338"]
[BlackElo "855"]
[PlyCount "32"]
[EventDate "2012.07.03"]
[EventType "swiss"]
[EventRounds "7"]
[EventCountry "CAN"]
[SourceTitle "EXT 2022"]
[Source "ChessBase"]
[SourceDate "2021.10.06"]
[SourceVersion "1"]
[SourceVersionDate "2021.10.06"]
[SourceQuality "1"]

1. e4 e5 2. Nf3 Nc6 3. Bc4 Bc5 4. 0-0 Nf6 5. Nc3 d6 6. h3 Nd4 7. Nxd4 Bxd4 8. Ne2 d5 9. exd5 Nxd5 10. Nxd4 exd4 11. Bxd5 Qxd5 12. Qe1+ Be6 13. d3 Kd8 14. Bf4 Bd7 15. Qe2 Bc6 16. Rfe1 Qxg2# 0-1